000 01152nam a2200229Ii 4500
003 JO-AjNU
008 230605s9999||||xx |||||||||||||| ||und||
017 _a2005/11/2587
040 _aJO-AjNU
_bara
_erda
_cJO-AjNU
041 _aara
050 1 4 _aTH420.J67.2005
100 3 _aالأردن. وزارة الأشغال العامة والإسكان. مجلس البناء الوطني الأردني,
_eauthor
_951635
245 0 0 _aمجلس البناء الوطني الأردني، وزارة الأشغال العامة والإسكان: كودة المباني المقاومة للزلازل
250 _aط1
264 3 1 _aعمان: الجمعية العلمية الملكية،مجلس البناء الوطني الأردني، 2005
300 _aمتعدد الترقيم
_bيشتمل على المراجع والمصادرالببلوغرافية
336 _atext
_btxt
_2rdacontent
337 _aunmediated
_bn
_2rdamedia
338 _avolume
_bnc
_2rdacarrier
490 0 _aكودات البناء الوطني الأردني 
650 4 _aالمباني -- مواصفات معيارية -- الأردن -- الزلازل
_951636
999 _aA22824
_c26392
_d26392